Musik Allgemeinwissen Quiz #7 - Statistiken

Allgemein
  • Dieses Quiz wurde 203 mal gespielt
  • Das Durchschnittsergebnis liegt bei 11 aus 20
Antwortstatistiken
Frage Antwort % Korrekt
Von welcher Band stammt der Hit "Bohemian Rhapsody"? Queen
88%
Von wem stammen Hits wie "Baby", "Sorry" und "Peaches"? Justin Bieber
85%
Welche Band sang den Song "Wonderwall"? Oasis
78%
Aus welchem Land stammt Céline Dion? Kanada
74%
Welcher Popstar ist 2025 mit einer Rakete von Milliardär Jeff Bezos ins All geflogen? Katy Perry
65%
Welches Musikinstrument verbindet man mit dem Namen Steinway & Sons? Flügel
64%
In welcher deutschen Stadt gab die Band Nirvana 1994 ihr letztes Konzert? München
62%
Von welcher Band stammen Hits wie "Roxanne", "Every Breath You Take" und "Every Little Thing She Does Is Magic"? The Police
61%
Welcher britische Musiker heißt eigentlich Reginald Kenneth Dwight und wurde 1998 von Königin Elisabeth II. zum Ritter geschlagen? Elton John
57%
In Zusammenarbeit mit welchem Künstler veröffentlichte die Rapperin Juju den Song "Vermissen"? Henning May
53%
Wann möchte Culture Beats "Mr. Vain" das, von dem er weiß, das er es will? Jetzt
53%
In welcher europäischen Stadt steht das berühmte Opernhaus La Scala? Mailand
51%
Welche deutsche Rapperin wurde durch Songs wie "Keta und Krawall", "Fußballmänner" und "Unisexklo" bekannt? Ikkimel
50%
Beyoncé Knowles war von 1997 bis 2005 Mitglied welcher Girlgroup? Destiny's Child
46%
Unter welcher Nummer erreicht man Rosi im Lied "Skandal im Sperrbezirk"? 32 16 8
45%
Welches von Tschaikowski komponierte Ballettstück trägt den gleichen Namen wie ein Küchenutensil? Der Nussknacker
43%
Aus welchem Land kommt Erika Vikman, die beim ESC 2025 den Song "Ich komme" performte? Finnland
41%
"Fidelio" ist der Name der einzigen Oper welches Komponisten? Ludwig van Beethoven
28%
Eddie ist der Name des Maskottchens welcher Heavy-Metal-Band? Iron Maiden
21%
Wie heißt eine nach einem Beuteltier benannte Alternative-Rock-Band aus Liverpool? The Wombats
14%
Keine übereinstimmenden Quizze gefunden
Verteilung der Resultate
Anzahl Personen mit jedem Resultat
Perzentil nach korrekt beantworteten Fragen
Ihre Resultats-Entwicklung
Sie haben dieses Quiz noch nicht gespielt